Pro Wrestling Tag Teams by Picture - Statistics

General Stats
  • This quiz has been taken 168 times
  • The average score is 16 of 20
Answer Stats
Picture Answer % Correct
The New Day
94%
The Hardy Boyz
93%
The Dudley Boyz
92%
The Usos
90%
The Shield
89%
The Brothers of Destruction
87%
The New Age Outlaws
86%
The Road Warriors
85%
The Hart Foundation
84%
The Wyatt Family
83%
Edge & Christian
79%
The Steiner Brothers
76%
Rated RKO
75%
The Rockers
75%
Team Hell No
72%
The Young Bucks
66%
Demolition
60%
The Outsiders
60%
FTR
58%
The Bushwhackers
58%
No matching quizzes found
Score Distribution
Percent of People with Each Score
Percentile by Number Answered
Your Score History
You have not taken this quiz